000 00416nam a2200157Ia 4500
008 151213s9999 xx 000 0 und d
100 _aH. Buxtor Farmar
245 _aThe Poetical Wark Of John Yeats
_cH. Buxtor Farmar
250 _a1st
260 _aLondon
_bOxford University Press
_c1908
300 _a4540 p.
650 _aEnglish
650 _aEnglish Literature
700 _aH. Buxtor Farmar
999 _c2914
_d2914